| 000 | 00333nam a2200133 a 4500 | ||
|---|---|---|---|
| 001 | 5461 | ||
| 003 | CDMR | ||
| 005 | 20130116135309.0 | ||
| 008 | 130130s1996||||||||||||||||||||||||||||d | ||
| 040 |
_aCDMR _bcat _cCPC GIRONA |
||
| 245 | 0 |
_aPremsa municipal a la comarca de la Selva _cVaris |
|
| 260 |
_c1996 _bAjuntament de Sils |
||
| 942 | _cMON | ||
| 999 |
_c5461 _d5461 |
||